[Event "ARG-ch sf 98th"]
[Site "Buenos Aires"]
[Date "2023.05.04"]
[Round "6"]
[White "Gualpa, Carlos Alberto"]
[Black "Vitola, Leonardo"]
[Result "0-1"]
[WhiteElo "1710"]
[BlackElo "1940"]
[PlyCount "124"]
[EventDate "2023.04.29"]
[EventType "swiss"]
[EventRounds "9"]
[EventCountry "ARG"]
[SourceTitle "CBM 214 Extra"]
[Source "ChessBase"]
[SourceDate "2023.07.31"]
[SourceVersion "1"]
[SourceVersionDate "2023.07.31"]
[SourceQuality "1"]

1. d4 Nf6 2. Bf4 d5 3. e3 c6 4. c3 g6 5. Nf3 Bg7 6. Be2 Qb6 7. Qb3 0-0 8. Nbd2 Bg4 9. Qxb6 axb6 10. 0-0 b5 11. h3 Bxf3 12. Bxf3 Nbd7 13. Nb3 Nb6 14. Nd2 Ra6 15. a3 Nc4 16. Nxc4 bxc4 17. Rfe1 Rb6 18. Rab1 Nd7 19. Bc7 Ra6 20. e4 e6 21. exd5 cxd5 22. Bf4 Rc8 23. Bg5 Bf8 24. h4 Nb6 25. Bd1 Rc6 26. h5 Nd7 27. hxg6 hxg6 28. g3 f6 29. Bf4 Kf7 30. Kg2 Bd6 31. Bxd6 Rxd6 32. Rh1 Kg7 33. Bg4 Rdb6 34. Rhe1 Kf7 35. Rh1 Nf8 36. Bf3 Ra5 37. Be2 Kg7 38. f4 Nd7 39. Bg4 Rab5 40. b4 cxb3 41. Rb2 Rc6 42. Be2 Rbb6 43. Rc1 e5 44. fxe5 fxe5 45. dxe5 Nxe5 46. a4 Nc4 47. Bxc4 dxc4 48. Rf1 Ra6 49. Rbf2 Rc7 50. Ra1 b5 51. a5 Rca7 52. Kf3 Rxa5 53. Rxa5 Rxa5 54. Ke3 Ra2 55. Rf1 Rc2 56. Kd4 Kh6 57. Re1 Rg2 58. Re5 Rxg3 59. Rxb5 Rg4+ 60. Ke3 g5 61. Kd2 Rf4 62. Kc1 Kh5 0-1

[Event "ARG-ch sf 98th"]
[Site "Buenos Aires"]
[Date "2023.04.29"]
[Round "1"]
[White "Vitola, Leonardo"]
[Black "Fiorito, Joaquin"]
[Result "0-1"]
[WhiteElo "1940"]
[BlackElo "2366"]
[PlyCount "108"]
[EventDate "2023.04.29"]
[EventType "swiss"]
[EventRounds "9"]
[EventCountry "ARG"]
[SourceTitle "CBM 214 Extra"]
[Source "ChessBase"]
[SourceDate "2023.07.31"]
[SourceVersion "1"]
[SourceVersionDate "2023.07.31"]
[SourceQuality "1"]

1. d4 Nf6 2. Bf4 d5 3. e3 c5 4. c3 Nc6 5. Nd2 Bf5 6. Ngf3 e6 7. Qb3 Qc8 8. dxc5 Bxc5 9. Be2 0-0 10. 0-0 Re8 11. Ne5 Nd7 12. Ndf3 Ndxe5 13. Nxe5 f6 14. Nxc6 bxc6 15. Qa4 e5 16. Bg3 a5 17. Rfd1 Kh8 18. Bf3 Bd7 19. Rd2 f5 20. Qd1 Re7 21. Bh4 Rf7 22. Bh5 g6 23. Bf3 e4 24. Be2 f4 25. exf4 Rxf4 26. Bg3 Rf7 27. Be5+ Kg8 28. Bd4 Bd6 29. Be3 Qc7 30. g3 Raf8 31. c4 Be6 32. Bg4 Bxg4 33. Qxg4 Rf5 34. Rad1 Qf7 35. cxd5 cxd5 36. Qe2 Qb7 37. Rc2 a4 38. Qd2 Rh5 39. Qa5 a3 40. Qa7 Qxa7 41. Bxa7 axb2 42. Rxb2 Kf7 43. Bd4 Ra8 44. Rb7+ Ke6 45. Rd2 Ra4 46. Kg2 Rc4 47. h3 Rf5 48. Rxh7 Bb4 49. Rd1 Rf3 50. Rb7 Rd3 51. Rb6+ Kf7 52. Rb7+ Ke8 53. Rxd3 exd3 54. a3 d2 0-1